Famous Duos By Their 'Other' Names Quiz Stats

 Plays Quiz not verified by Sporcle

Challenge
Share
Tweet
Embed
Score 0/30 Timer 05:00
0 Plays Today
'Other' Names More Commonly Known As: % Correct
Montague and CapuletRomeo and Juliet
96.4%
Paul and ArtSimon and Garfunkel
78.4%
Stan and OllieLaurel and Hardy
73.1%
Daryl and JohnHall and Oates
57.5%
Bruce and DickBatman and Robin
54.5%
Parker and BarrowBonnie and Clyde
52.7%
Bud and LouAbbott and Costello
46.7%
Jillette and RaymondPenn and Teller
38.3%
Stephen and HughFry and Laurie
31.7%
De Fazio and FeeneyLaverne and Shirley
30.5%
Truman and AdlerWill and Grace
28.1%
Christine and Mary-BethCagney and Lacey
25.7%
Dawn and JenniferFrench and Saunders
25.1%
McPartlin and DonnellyAnt and Dec
21%
Madeley and FinniganRichard and Judy
18.6%
'Other' Names More Commonly Known As: % Correct
Richard and OscarRodgers and Hammerstein
15%
Eric and ErnieMorecambe and Wise
14.4%
Jane and ChristopherTorvill and Dean
13.8%
Reginald and BertieJeeves and Wooster
12.6%
Syd and EddieLittle and Large
12%
David and KennethStarsky and Hutch
11.4%
Buxton and CornishAdam and Joe
6.6%
Green and FlynnRobson and Jerome
6.6%
Richard and TommyCheech and Chong
5.4%
Grimes and GrimesJohn and Edward
4.2%
David and RobertMitchell and Webb
3%
Fischbacher and HornSiegfried and Roy
3%
Dunbar and ShakespeareSly and Robbie
2.4%
Dickinson and SawyerThelma and Louise
1.2%
William and ArthurGilbert and Sullivan
0.6%

You're not logged in!

Compare scores with friends on all Sporcle quizzes.
Join for Free
OR
Log In

You Might Also Like...

Show Comments

Extras

Top Quizzes Today


Score Distribution

Your Account Isn't Verified!

In order to create a playlist on Sporcle, you need to verify the email address you used during registration. Go to your Sporcle Settings to finish the process.

Report this User

Report this user for behavior that violates our Community Guidelines.

Details: